000 004660000a22001690004500
003 MACL
005 20160112130822.0
008 160112b xxu||||| |||| 00| 0 eng d
040 _aMACL
_cMACL
041 _aEnglish
082 _a928/ELW
100 _aElwin, Malcolm
_931220
245 _aThe Autobiography and Journals of Banjamin Robert Haydon
_b1786-1846
260 _bMacdonald & co Ltd
_c1950
_aLondon
650 _aBiography
_931221
942 _cBK
_k928/ELW
_2ddc
999 _c36179
_d36179